000 00785nam a2200217 a 4500
999 _c6155
_d6155
001 6155
003 BD-JhCC
005 20220310134021.0
008 180115s2008 bg ||||| |||| 00| 0 mul d
035 _a(BD-JhCC)6155
040 _aBD-JhCC
_dBD-JhCC
041 _aeng
082 _a297.124
_bTIR 2008
100 _aতিরমিযী (রঃ), আবূ ঈসা মুহাম্মদইবনে ঈসা
245 _aতিরমিযী শরীফ /
_c আবূ ঈসা মুহাম্মদইবনে ঈসা তিরমিযী (রঃ)
260 _aঢাকা :
_bবাংলাদেশ তাজ কোম্পানী লিমিটেড,
_c2008.
300 _a424 p. :
_c26 cm.
650 _aHadith
942 _2ddc
_cBK
_016